|
|
|
|
| LEADER |
00987nam a22002537a 4500 |
| 001 |
4642 |
| 003 |
BD-DhAAL |
| 008 |
151224s 1998enka|||| |||| 00| 0 eng d |
| 020 |
|
|
|a 0749426381
|
| 040 |
|
|
|a BD-DhAAL
|c BD-DhAAL
|
| 082 |
|
|
|a 338/.04/0941
|
| 100 |
|
|
|a Grout, Jeff
|9 16969
|
| 245 |
|
|
|a The adventure capitalists :
|b the success secrets of twelve high-achieving entrepreneurs /
|c Jeff Grout, Lynne Curry
|
| 250 |
|
|
|a 1st ed.
|
| 260 |
|
|
|a London :
|b Koan Page,
|c 1998.
|
| 300 |
|
|
|a xvii, 173 p. :
|b ill. ;
|c 24 cm.
|
| 541 |
|
|
|e 4642
|
| 650 |
|
|
|a Entrepreneurship
|z Great Britain.
|9 16970
|
| 650 |
|
|
|a Businesspeople -- Great Britain -- Interviews.
|x Interviews.
|z Great Britain
|9 16971
|
| 650 |
|
|
|a Businesspeople.
|9 16972
|
| 700 |
|
|
|a Curry, Lynne
|9 16973
|
| 942 |
|
|
|2 ddc
|c BK
|
| 999 |
|
|
|c 36447
|d 36447
|
| 952 |
|
|
|0 0
|1 0
|2 ddc
|4 0
|6 338_000000000000000__04_0941_GRO
|7 0
|9 57364
|a SCL
|b SCL
|c GEN
|d 2015-12-24
|e Gift: The British Council
|l 0
|o 338.040941 GRO
|p 3020004642
|r 2015-12-24
|t 1
|w 2015-12-24
|y BK
|